| 000 | 00940 a2200181 4500 | ||
|---|---|---|---|
| 001 | 140355 | ||
| 040 | _cLeonardo Da Vinci | ||
| 041 | _aPortuguês | ||
| 082 |
_a372.7 A97m _bA97m |
||
| 100 |
_aAVERBUCH, Anna _aGOTTLIEB, Franca Cohen _aSANCHES, Lucilia Bechara _aLIBERMAN, Manhucia P |
||
| 245 |
_aMatemática _b5ª série; 1º grau |
||
| 260 |
_bSolução _c1991 _aSão Paulo |
||
| 300 | _a208 | ||
| 362 | _a19910000 | ||
| 490 | _aSaber e fazer | ||
| 697 |
_aMatemática _aConjuntos _aSímbolos _aSubconjunto _aNúmeros _aNúmeros naturais _aOperações _aAdição _aSubtração _aMultiplicação _aDivisão _aPotenciação _aSentença matemática _aProblemas _aExpressões _aMúltiplos _aDivisores _aFatores _aDivisores _aDivisibilidade _aNúmeros primos _aFração _aGeometria _aPonto _aReta _aPlano _aÂngulo _aCurva _aPolígonos _aMedidas _aComprimento _aMetro _aSuperfície _aVolume _aCapacidade _aMassa _aQuilograma _aLitro _aEnsino Fundamental 2. ciclo |
||
| 942 | _cBK | ||
| 999 |
_c140355 _d140355 |
||